Vplyv európskej iniciatívy príležitosti pre mladých na riešenie migrácie z jednej dočasnej pracovnej pozície na druhú a zvyšovanie zamestnanosti diplomová práca

Saved in:
Bibliographic Details
Main Author: Bebiaková, Dáša
Corporate Author: Obchodná fakulta EU. Katedra medzinárodného obchodu
Other Authors: Rosenberg, Miloslav
Format: Book
Language:Slovak
Published: Bratislava 2014
Tags: Add Tag
No Tags, Be the first to tag this record!

MARC

LEADER 00000nbm a2200000 4500
001 0186239
005 20170201095631.7
041 0 |a slo 
044 |a SK 
245 1 0 |a Vplyv európskej iniciatívy príležitosti pre mladých na riešenie migrácie z jednej dočasnej pracovnej pozície na druhú a zvyšovanie zamestnanosti  |b diplomová práca  |c Dáša Bebiaková ; školiteľ: Miloslav Rosenberg 
264 1 |a Bratislava  |c 2014 
300 |a 91 s. 
100 1 |a Bebiaková, Dáša 
700 1 |a Rosenberg, Miloslav 
710 2 |a Obchodná fakulta EU. Katedra medzinárodného obchodu